000 00367 a2200169 4500
001 69565
020 _a850804156X
040 _cAnchieta - Itaigara
100 _aLear, Edward
240 1 0 _aSem cabeça nem pé
_lpor
245 1 0 _aSem cabeça nem pé
300 _a40
362 0 _a2000
440 1 _aÁtica
650 4 _aLiteratura infanto-juvenil
942 _cBK
999 _c69565
_d69565